| 000 | 01232cam a22003377a 4500 | ||
|---|---|---|---|
| 003 | CHAP | ||
| 005 | 20220329142557.0 | ||
| 008 | 010920d2001 mx r 00110 spa d | ||
| 010 | _a85185 | ||
| 011 | _a86157 | ||
| 035 | _a96695 | ||
| 040 | _cCHAP | ||
| 090 | _aTesis | ||
| 100 | 0 | 0 |
_aLara Navarro, Francisco _964855 |
| 245 | 1 | 0 |
_aControl químico de malezas en el cultivo de jícama Pachyrrhizus erusus (L.) Urban, en Huehuetlán El Chico, Pue. _c/por Francisco Lara Navarro |
| 260 |
_aChapingo, Méx. : _bEl autor, _c2001. |
||
| 300 | _a40 h. | ||
| 502 | _aTesis (Ing. Agr. Esp. en Parasitología Agrícola) -- UACH. Departamento de Parasitología Agrícola | ||
| 590 |
_aALEPH _b10 _c20130110 _lUCH01 _h1445 |
||
| 590 |
_aBATCH-UPD _b10 _c20130110 _lUCH01 _h0811 |
||
| 590 |
_aBATCH-UPD _b10 _c20130410 _lUCH01 _h0448 |
||
| 590 |
_aBATCH-UPD _b10 _c20130914 _lUCH01 _h1705 |
||
| 590 |
_aCONVERSION _b10 _c20130109 _lUCH01 _h1347 |
||
| 650 | 1 | 4 |
_aJícama _xMalas hierbas _xControl. _961918 |
| 650 | 1 | 4 |
_aJícama _xPuebla. _961922 |
| 901 | _aBK | ||
| 905 | _aAlejandra Carrasco M. | ||
| 942 | _cFOLL | ||
| 949 |
_aTesis _bBC _cTES _d33724000859930 _eTS2 _fc.2 _h38951 _i96695 _si |
||
| 949 |
_aTesis _bBC _cTES _d966951 _eTS1 _h38950 _i96695 _sb |
||
| 999 |
_c85185 _d85185 |
||